| 000 | 01939nam a2200301 c 4500 | ||
|---|---|---|---|
| 003 | BLK | ||
| 005 | 20180422120649.0 | ||
| 008 | 180411b bul|||||r ||||||| ||bul|| | ||
| 010 | _aKNG00213979000 | ||
| 040 | _aBLK | ||
| 041 |
_aBUL _cBUL |
||
| 080 |
_aПатологична анатомия. Хистопатология. Цитопатология (Общи въпроси) _b616-091 _x(075.8) _z616-091(075.8) |
||
| 100 | 1 |
_aАнави, Бенямин Леон _eпърви автор _9383456 |
|
| 700 | 1 |
_aЗлатева, Мария Димова _eпод ред. на _9302576 |
|
| 700 | 1 |
_aМиленков, Христо _eпод ред. на _9363904 |
|
| 139 |
_aРъководство за практически упражнения по патологична анатомия _bР 97 |
||
| 245 | 1 | 0 |
_aРъководство за практически упражнения по патологична анатомия _bЗа студенти по медицина _cБенямин Леон Анави; под ред. на Мария Димова Златева; под ред. на Христо Миленков. |
| 257 | _aBGR | ||
| 260 |
_аСофия _bМедицина и физкултура _c1988 |
||
| 300 |
_a160 с. _bс ил., 36 л. ил. _c24 см |
||
| 380 | _a61 | ||
| 500 | _aДруги авт. : А. А. Ангелов, Т. Г. Бакърджиев, И. А. Василев, Г. П. Велев, В. И. Власов, А. Г. Гегова, Р. П. Дикова, М. А. Каменова, В. Б. Макавеева, Б. Г. Маневска, Д. Д. Марков, Е. Е. Маринов, И. Г. Михайлов, А. П. Михова, С. С. Начев, П. Т. Нешева, С. И. Николаева, Я. А. Топов, отбелязани на с. 3. | ||
| 852 | _aЦб 155829 | ||
| 856 | 4 |
_qpdf _u |
|
| 856 | 4 |
_qpdf _u |
|
| 942 |
_cKNG _n0 |
||
| 944 |
_aCR _c08.11.2017 _kНора_Радева |
||
| 944 |
_aED _c08.11.2017 _kНора_Радева |
||
| 999 |
_c204420 _d204420 |
||